Nicky upstairs and down / (Record no. 8104)

MARC details
000 -LEADER
fixed length control field 00938nam a22003017a 4500
001 - CONTROL NUMBER
control field 8104
003 - CONTROL NUMBER IDENTIFIER
control field FISKH
005 - DATE AND TIME OF LATEST TRANSACTION
control field 20250825090535.0
008 - FIXED-LENGTH DATA ELEMENTS--GENERAL INFORMATION
fixed length control field 250825b cb ||||| |||| 00| 0 eng d
020 ## - INTERNATIONAL STANDARD BOOK NUMBER
International Standard Book Number 0140368523
040 ## - CATALOGING SOURCE
Original cataloging agency FISKH
Language of cataloging eng
Transcribing agency FISKH
Modifying agency FISKH
050 ## - LIBRARY OF CONGRESS CALL NUMBER
Classification number PZ7.Z487 N
082 ## - DEWEY DECIMAL CLASSIFICATION NUMBER
Classification number 813
100 ## - MAIN ENTRY--PERSONAL NAME
Personal name Ziefert, Harriet
Dates associated with a name (1941-)
245 ## - TITLE STATEMENT
Title Nicky upstairs and down /
Statement of responsibility, etc. Harriet Ziefert ; Pictures by Richard Brown
250 ## - EDITION STATEMENT
Edition statement This edition first published in 1994
260 ## - PUBLICATION, DISTRIBUTION, ETC.
Place of publication, distribution, etc. New Zealand :
Name of publisher, distributor, etc. Puffin,
Date of publication, distribution, etc. 1987
300 ## - PHYSICAL DESCRIPTION
Extent 29 unnumbered pages :
Other physical details color illustrations ;
Dimensions 23 cm
505 ## - FORMATTED CONTENTS NOTE
Formatted contents note G<br/>
520 ## - SUMMARY, ETC.
Summary, etc. Nicky the cat runs upstairs and downstairs to hide from his mother.<br/>
521 8# - TARGET AUDIENCE NOTE
Target audience note 310<br/>
Source Lexile<br/>
521 8# - TARGET AUDIENCE NOTE
Target audience note G<br/>
Source Raz-Plus<br/>
650 ## - SUBJECT ADDED ENTRY--TOPICAL TERM
Source of heading or term Easy reader
Topical term or geographic name entry element Childrens illustrated
650 ## - SUBJECT ADDED ENTRY--TOPICAL TERM
Source of heading or term Cats
Topical term or geographic name entry element Penguin Young Readers
700 ## - ADDED ENTRY--PERSONAL NAME
Personal name Brown, Richard
Dates associated with a name illustrator
942 ## - ADDED ENTRY ELEMENTS (KOHA)
Source of classification or shelving scheme Dewey Decimal Classification
Koha item type Books
Suppress in OPAC No
Holdings
Withdrawn status Lost status Source of classification or shelving scheme Damaged status Not for loan Collection Home library Current library Shelving location Date acquired Total Checkouts Full call number Barcode Date last seen Copy number Price effective from Koha item type
    Dewey Decimal Classification     Juvenile Fiction Footprints International School Library Network Toul Tom Poung Campus Footprints International School Library Network Toul Tom Poung Campus TTP Primary Green Bookshelves 08/25/2025   ZIE 813 PZ7.Z487 N FISBK02524 08/25/2025 1 08/25/2025 Books